Aplikácia zásady opatrnosti v účtovníctve podnikateľov

Opatrnosť v účtovníctve ako stupeň obozretnosti, ktorý je žiadúci pri tvorbe požadovaných odhadov v neistých podmienkach tak, aby majetok alebo výnosy neboli nadhodnotené a záväzky alebo náklady neboli podhodnotené. Zásady opatrnosti. Aplikácia zásady opatrnosti v účtovníctve podnikateľov.

Saved in:
Bibliographic Details
Main Author: Hurtoňová, Martina, 1977-
Format: Book Chapter
Language:Slovak
Subjects:
Tags: Add Tag
No Tags, Be the first to tag this record!

MARC

LEADER 00000nla$a2200000$$$4500
001 0060171
005 20240502083142.4
041 0 |a slo 
044 |a CZ 
245 1 0 |a Aplikácia zásady opatrnosti v účtovníctve podnikateľov  |c Martina Hurtoňová 
520 |a Opatrnosť v účtovníctve ako stupeň obozretnosti, ktorý je žiadúci pri tvorbe požadovaných odhadov v neistých podmienkach tak, aby majetok alebo výnosy neboli nadhodnotené a záväzky alebo náklady neboli podhodnotené. Zásady opatrnosti. Aplikácia zásady opatrnosti v účtovníctve podnikateľov. 
610 2 0 |a účtovníctvo 
610 2 0 |a závierka účtovná 
610 2 0 |a aktíva 
610 2 0 |a pasíva 
610 2 0 |a záväzky 
610 2 0 |a výnosy 
610 2 0 |a majetok 
610 2 0 |a výsledok hospodársky 
610 2 0 |a rezervy 
100 1 |a Hurtoňová, Martina, 1977-